| 000 | 00612cam a22002052a 4500 | ||
|---|---|---|---|
| 001 | 000536 | ||
| 003 | AR-FADEU | ||
| 008 | 311216n1992####xxu####################dd | ||
| 020 | _a950-20-0633-X | ||
| 092 |
_aD343.2 _bA175 |
||
| 100 | _aAchával, Alfredo | ||
| 245 | _aDelito de violación : estudio sexológico, médico legal y jurídico | ||
| 250 | _a2da. ed | ||
| 260 | _aBuenos Aires | ||
| 260 | _bAbeledo-Perrot | ||
| 260 | _c1992 | ||
| 300 | _a309 p | ||
| 650 | _aDERECHO PENAL-ARGENTINA; VIOLACIONAGRESION SEXUAL; DROGA-AGRESORES Y VICTIMAS; AGRESION SEXUALDERECHO; DELITO SEXUAL | ||
| 942 | _cBDGR | ||
| 999 |
_c6377 _d6377 |
||